| 000 | 00558nam a22001817a 4500 | ||
|---|---|---|---|
| 999 |
_c1713 _d1713 |
||
| 003 | AR-CdUCM | ||
| 008 | 190227b ||||| |||| 00| 0 spa d | ||
| 040 |
_aMUNICIPALIDAD PROVINCIAL DEL CUSCO _cBIBLIOTECA MUNICIPAL DEL CUSCO |
||
| 082 |
_a867.5 / _bP33 |
||
| 110 |
_aH. Municipalidad de La Paz _96333 |
||
| 245 | _aHomenaje a Franz Tamayo / | ||
| 260 |
_aBolivia : _bMunicipalidad de La Paz ; _c1967. |
||
| 300 |
_a197 páginas _bfotografĂas _c22cm |
||
| 505 | _aHomenaje | ||
| 650 |
_aHomenaje _91697 |
||
| 942 |
_2ddc _cLIBROS |
||
| 945 |
_anom _d2019-02-27 |
||